000 00320nam a22001457a 4500
008 210311b ||||| |||| 00| 0 eng d
020 _a9781401811921
041 _aeng
080 _a610.73
082 _a610.73
100 _a2
101 _aINF
245 _aMaternity Nursing Care
_cLittleton,Y.L
942 _2udc
_cBK
999 _c56366
_d56366